000 00276nam a22001217a 4500
008 170814b xxu||||| |||| 00| 0 eng d
041 _aeng
080 _22ND
_a51
100 _a36
101 _aMAT
245 _aINTRODUCTORY CIRCUIT ANALYSIS
_cBOYLESTAD,R.L
942 _2udc
_cBK
999 _c23288
_d23288